000
00279nam a2200121Ia 4500
008
190216s9999||||xx |||||||||||||| ||und||
100
_a
Kanti Trivedi
245
0
_a
Hindi-Naari Man Ki Kahaniya
260
_b
Kavitha Book Centre
300
_a
207
650
_a
Hindi
942
_c
BK
999
_c
16218
_d
16218